000 00533nam a2200193Ia 4500
005 20250508160722.0
008 008 250505s9999 xx 000 0 eng d
037 _aTextual
040 _aFEDL
_beng
_cFEDL
041 _aeng
_2eng
084 _a155.4, SMI
_qFEDL
100 _aSmirnoff Victor
_990060
245 0 _aScope of child analysis
260 _aLondon, UK
_bRoutledge and Kegan Paul
_c1971
300 _avii,233p.
650 _aChild Psychology
942 _cTEXL
_h155.4, SMI
999 _c1366213
_d1366213